000 00624nam a22001815i 4500
001 170208
003 ES-MaACL
005 20230906214323.0
008 090211s1910 fr |||| | fre d
080 _a782.1
100 1 _aBlau, Édouard.
_9138118
245 1 3 _aLe roi D'Ys
_b: opéra en trois actes et cinq tableaux /
_cpoème de Édouard Blau ; musique de Édouard Lalo.
260 _aParis :
_bHeugel et Cie.,
_c1910.
300 _a41 p. ;
_c18 cm.
650 1 4 _aÓperas-
_vLibretos.
_9137584
700 1 _aLalo, Édouard.
_9138117
852 _aES-MaACL
_j2247-F-21
_9R.140975
_z.- Biblioteca Jacinto Martínez Lacalle
999 _c170208
_d170208